1322 1440 1953 1311 1506 1755 1360 1919 1655 1168 1786 1544 1815 1074 1613 1773 1173 1196 1712 1578 1372 1492 1808 1335 1573 1194 1764 1542 1918 1541 1498 1465 1527 1797 1168 1457 1708 1273 1359 1980 1113 1291 1913 1456 1450 1361 1311 1620 1488 1077 1792 1197 1483 1015 1080 1774 1168 1070 1898 1911 1523 1295 1097 1673 1330 1242 1284 1621 1911 1608 1630 1184 1446 1879 1782 1690 1059 1138 1900 1743 1561 1352 1425 1611 1609 1327 1601 1037 1767 1389 1705 1853 1064 1922 1802 1194 1650 1207 1519 BCNSPRNW ULIB Ver.6.0+V

เปลี่ยนเป็นภาษาไทย

Change to English
 แสดงรายละเอียดบรรณานุกรม
  กลับหน้าหลัก

Brief Record : Get Marc (ISO 2709) : E-mail record : QR code < ปิดหน้าต่าง
LEADER : 00000nam 2200000uu 4500
001    13399112488
003     ULIB
008    110818s2546||||th 000 0 tha d
020    9745718807
050 04 HQ56^bน149ค 2546
245 00 ความรู้ทั่วไปเกี่ยวกับเพศศึกษา /^cคณะผู้เขียน: นงลักษณ์ เอมประดิษฐ์ ...[และคนอื่นๆ]
250    พิมพ์ครั้งที่ 3 แก้ไขเพิ่มเติม
260    กรุงเทพฯ :^bสำนักพิมพ์มหาวิทยาลัยธรรมศาสตร์,^c2546
300    168 หน้า :^bภาพประกอบ ;^c26 ซม
505 2  เพศศึกษากับสถาบันทางสังคมที่เกี่ยวข้อง -- ความรู้เกี่ยวกับการแต่งงาน --สรีรวิทยาและโรคที่เกี่ยวข้องกับการมีเพศสัมพันธ์ -- จิตเวชศาสตร์กับเพศศึกษา-- กฎหมายที่เกี่ยวข้องกับเรื่องเพศศึกษา
650  7 เพศศึกษา
700 0  นงลักษณ์ เอมประดิษฐ์
945    ^p150^l0^i019949
945    ^p150^l0^i019950
999 ^a ทศพร
รายการนี้ยังไม่มีแท็ก
คุณยังไม่ได้ล็อกอิน คุณสามารถมีกิจกรรมร่วมกับเว็บไซต์ได้ แต่ต้องล็อกอินก่อน ::
  ล็อกอิน

รายการสื่อสารสนเทศ

ลำดับที่ ประเภท เลขเรียก/บาร์โค้ด สถานที่ สถานะ
- ไม่พบข้อมูล -

รายการใกล้เคียง
    หัวเรื่อง [เพศศึกษา]

BibComment


ยังไม่เคยถูกคอมเมนท์

คอมเมนท์ทรัพยากรรายการนี้
  คอมเมนท์: ความรู้ทั่วไปเกี่..


 Copyright 2026. Bcnsprnw @Library